000 00764nam a2200265 i 4500
001 C2-0305520
003 PPAK
005 20180728090811.0
008 100824s2010 my a|||| ||||| | may d
020 _a9789833996438
040 _aPPAK
_beng
_cPPAK
_erda
082 0 4 _a920
_223
090 0 0 _a920
_bABD
_dRK
100 0 _aAbdullah Fahim,
_eauthor
245 1 0 _aKanang, pahlawan negara yang gagah berani
264 1 _aSubang Jaya, Selangor :
_bPustaka Seri Idaman ,
_c2010
300 _a76 pages :
_bcolour illustrations ;
_c27 cm
336 _2rdacontent
_atext
337 _2rdamedia
_aunmediated
338 _2rdacarrier
_avolume
490 1 _aSiri tokoh berjasa
650 1 0 _aMalaysia - Biography.
830 0 _aSiri tokoh berjasa
942 _ddc
_cB
999 _c108518
_d108518